[Event "AUT-ch Vor2 Internet"]
[Site "Playchess.com INT"]
[Date "2020.04.13"]
[Round "1"]
[White "Hiermann, Dietmar"]
[Black "Stolzlechner, Thomas"]
[Result "1-0"]
[WhiteElo "2250"]
[BlackElo "2037"]
[PlyCount "83"]
[EventDate "2020.04.13"]
[EventType "swiss (blitz)"]
[EventRounds "9"]
[EventCountry "AUT"]
[SourceTitle "CBM 195 Extra"]
[Source "ChessBase"]
[SourceDate "2020.05.31"]
[SourceVersion "1"]
[SourceVersionDate "2020.05.31"]
[SourceQuality "1"]

1. e4 e5 2. Nf3 Nc6 3. Bc4 Nf6 4. d3 Be7 5. Nc3 0-0 6. a3 a6 7. 0-0 b5 8. Ba2 Bb7 9. Nd5 d6 10. c3 Nb8 11. Ne3 Nbd7 12. a4 c6 13. Re1 Re8 14. Nf5 Bf8 15. Bg5 h6 16. Bd2 Nc5 17. Qc2 Nxa4 18. d4 exd4 19. cxd4 Nb6 20. Rad1 d5 21. e5 Ne4 22. b3 Qd7 23. Ng3 Nxg3 24. hxg3 Qe6 25. Bb1 g6 26. Nh4 Bg7 27. f4 Qg4 28. Kh2 a5 29. f5 g5 30. f6 gxh4 31. Qh7+ Kf8 32. fxg7+ Ke7 33. Bf5 hxg3+ 34. Kg1 Qxd4+ 35. Be3 Qh4 36. Bc5+ Kd8 37. Bxb6+ Ke7 38. Bh3 c5 39. Bxc5+ Kd8 40. g8Q Rc8 41. Qxe8+ Kxe8 42. Qg8# 1-0

[Event "AUT-ch Vor2 Internet"]
[Site "Playchess.com INT"]
[Date "2020.04.13"]
[Round "6"]
[White "Lerch, Johannes"]
[Black "Stolzlechner, Thomas"]
[Result "1/2-1/2"]
[WhiteElo "2005"]
[BlackElo "2037"]
[PlyCount "128"]
[EventDate "2020.04.13"]
[EventType "swiss (blitz)"]
[EventRounds "9"]
[EventCountry "AUT"]
[SourceTitle "CBM 195 Extra"]
[Source "ChessBase"]
[SourceDate "2020.05.31"]
[SourceVersion "1"]
[SourceVersionDate "2020.05.31"]
[SourceQuality "1"]

1. e4 e5 2. Nf3 Nc6 3. Bc4 Nf6 4. d3 Be7 5. 0-0 0-0 6. Re1 d6 7. h3 Na5 8. Nbd2 Nxc4 9. Nxc4 b5 10. Ne3 c6 11. c3 h6 12. Nf1 Re8 13. Be3 Qc7 14. Ng3 Bf8 15. Qd2 d5 16. exd5 cxd5 17. Nxe5 Qxe5 18. Bf4 Ne4 19. dxe4 Qf6 20. exd5 Bb7 21. Rad1 Rxe1+ 22. Rxe1 Rd8 23. Be5 Qb6 24. Bd4 Qd6 25. Qe2 Qxd5 26. f3 a6 27. Ne4 Qxa2 28. Nc5 Qd5 29. Nxb7 Qxb7 30. Qe5 Qd5 31. Qxd5 Rxd5 32. Ra1 b4 33. Rxa6 bxc3 34. bxc3 Kh7 35. Kf2 f6 36. Ra8 Bc5 37. Ke3 Bxd4+ 38. cxd4 Rd7 39. Ra3 Kg6 40. Rd3 h5 41. g4 hxg4 42. hxg4 f5 43. Kf4 fxg4 44. Kxg4 Rd5 45. f4 Kf6 46. Rd1 g5 47. fxg5+ Rxg5+ 48. Kf4 Rd5 49. Ke4 Ke6 50. Rh1 Rg5 51. Rh6+ Kd7 52. Kd3 Kc7 53. Kc4 Rf5 54. d5 Rg5 55. Kc5 Rg7 56. Ra6 Kb7 57. Rf6 Rh7 58. Kd6 Kb6 59. Ke6 Kc7 60. d6+ Kc6 61. Ke5 Rh5+ 62. Ke6 Rh7 63. Ke5 Rh5+ 64. Ke6 Rh7 1/2-1/2

[Event "Schwarzach op-A"]
[Site "Schwarzach"]
[Date "2009.08.15"]
[Round "1"]
[White "Stolzlechner, Thomas"]
[Black "Womacka, Mathias"]
[Result "0-1"]
[WhiteElo "2066"]
[BlackElo "2436"]
[PlyCount "66"]
[EventDate "2009.08.15"]
[EventType "swiss"]
[EventRounds "9"]
[EventCountry "AUT"]
[SourceTitle "CBM 132 Extra"]
[Source "ChessBase"]
[SourceDate "2009.11.03"]
[SourceVersion "1"]
[SourceVersionDate "2009.11.03"]
[SourceQuality "1"]

1. Nf3 c5 2. g3 Nc6 3. c4 e5 4. Nc3 g6 5. Bg2 Bg7 6. d3 Nge7 7. Ng5 d6 8. Nd5 0-0 9. h4 h6 10. Nxe7+ Nxe7 11. Ne4 Be6 12. Bd2 f5 13. Nc3 d5 14. b3 e4 15. Rc1 e3 16. Bxe3 d4 17. Bf4 dxc3 18. Bxb7 Qa5 19. Rc2 Rad8 20. Qc1 Qb6 21. Bf3 Nc6 22. Bxc6 Qxc6 23. f3 Kh7 24. Kf2 Rfe8 25. Qf1 a5 26. e4 Qd7 27. e5 Qxd3 28. Qxd3 Rxd3 29. Rhc1 g5 30. hxg5 hxg5 31. Ke2 Rd7 32. Bxg5 Bxe5 33. f4 Bxc4+ 0-1

[Event "Wattens op 11th"]
[Site "Wattens"]
[Date "1996.??.??"]
[Round "4"]
[White "Stolzlechner, Thomas"]
[Black "Pieper, Harald"]
[Result "1-0"]
[WhiteElo "1885"]
[BlackElo "1725"]
[PlyCount "175"]
[EventDate "1996.??.??"]
[EventType "swiss"]
[EventRounds "9"]
[EventCountry "AUT"]
[SourceTitle "EXT 2000"]
[Source "ChessBase"]
[SourceDate "1999.11.16"]
[SourceVersion "1"]
[SourceVersionDate "1999.11.16"]
[SourceQuality "1"]

1. e4 Nf6 2. Nc3 d5 3. exd5 Nxd5 4. Nxd5 Qxd5 5. Nf3 g6 6. b3 Bg7 7. Rb1 c6 8. Be2 0-0 9. 0-0 Bg4 10. h3 Bxf3 11. Bxf3 Qa5 12. a4 Nd7 13. c3 Rad8 14. Qc2 e5 15. d3 e4 16. b4 exd3 17. Qxd3 Qc7 18. Qc2 b6 19. g3 c5 20. b5 Ne5 21. Bg2 Qd7 22. Bg5 Qd3 23. Qxd3 Rxd3 24. Rbc1 Nf3+ 25. Bxf3 Rxf3 26. Be3 Rf5 27. Rfd1 Bf6 28. Rd7 Ra8 29. f4 Bg7 30. Bd2 a6 31. Re1 axb5 32. axb5 Rf6 33. c4 Re6 34. Rxe6 fxe6 35. Rd6 Ra2 36. Be3 Rc2 37. Rxb6 Rxc4 38. Rc6 Rc3 39. b6 Rxe3 40. b7 Rb3 41. Rc8+ Kf7 42. b8Q Bd4+ 43. Kg2 Rxb8 44. Rxb8 h5 45. Kf3 e5 46. Rb7+ Kf6 47. Rb6+ Kf7 48. Ke4 exf4 49. Kxf4 Bf6 50. Rc6 Bd4 51. Ke4 Bf2 52. g4 hxg4 53. hxg4 Bg1 54. Kf4 Bd4 55. Ra6 Kg7 56. Ke4 Kh6 57. Kf4 Kg7 58. Re6 Kf7 59. Re4 Kf6 60. Re2 Kg7 61. Re7+ Kf6 62. Rd7 Ke6 63. Rb7 Bf6 64. Ke4 Be7 65. Rb6+ Bd6 66. Ra6 g5 67. Rc6 Kd7 68. Kd5 Bf4 69. Rxc5 Ke7 70. Rc6 Kf7 71. Ke4 Kg7 72. Kf5 Kh7 73. Kf6 Be3 74. Rc2 Bf4 75. Kf7 Kh6 76. Rc6+ Kh7 77. Re6 Bg3 78. Rb6 Bf2 79. Rb1 Bg3 80. Rb6 Bf2 81. Rg6 Be3 82. Rg7+ Kh6 83. Rg6+ Kh7 84. Re6 Bf2 85. Kf6 Bh4 86. Re7+ Kh6 87. Re8 Kh7 88. Ra8 1-0

[Event "Wattens op 11th"]
[Site "Wattens"]
[Date "1996.??.??"]
[Round "6"]
[White "Thielen, Dankward"]
[Black "Stolzlechner, Thomas"]
[Result "1/2-1/2"]
[WhiteElo "2135"]
[BlackElo "1885"]
[PlyCount "28"]
[EventDate "1996.??.??"]
[EventType "swiss"]
[EventRounds "9"]
[EventCountry "AUT"]
[SourceTitle "EXT 2000"]
[Source "ChessBase"]
[SourceDate "1999.11.16"]
[SourceVersion "1"]
[SourceVersionDate "1999.11.16"]
[SourceQuality "1"]

1. e4 e5 2. Nc3 Nf6 3. f4 d6 4. Nf3 Bg4 5. h3 Bxf3 6. Qxf3 a6 7. Bc4 Nc6 8. d3 Qd7 9. Be3 0-0-0 10. 0-0 Be7 11. Bxf7 Rdf8 12. Bd5 Nxd5 13. Nxd5 exf4 14. Bd2 g5 1/2-1/2